LEADER 01360nam 2200385 450 001 9910141804503321 005 20231020220631.0 010 $a0-7381-6076-8 035 $a(CKB)2670000000414751 035 $a(NjHacI)992670000000414751 035 $a(EXLCZ)992670000000414751 100 $a20231020d2009 uy 0 101 0 $aeng 135 $aur||||||||||| 181 $ctxt$2rdacontent 182 $cc$2rdamedia 183 $acr$2rdacarrier 200 10$aIEEE Standard for Zinc-Coated Forged Anchor Shackles /$fInstitute of Electrical and Electronics Engineers 210 1$aNew York :$cIEEE,$d2009. 215 $a1 online resource (vii, 3 pages) $cillustrations 225 1 $aIEEE Std 311 $a0-7381-6077-6 330 $aDimensions and strength requirements for anchor shackles used in overhead transmission and distribution line hardware are covered in this standard. Keywords: anchor, shackle. 410 0$aIEEE Std. 517 $aIEEE Std C135.62-2009: IEEE Standard for Zinc-Coated Forged Anchor Shackles 517 $aIEEE Std C135.62-2009 606 $aZinc coating$vCongresses 615 0$aZinc coating 676 $a620.1723 801 0$bNjHacI 801 1$bNjHacl 906 $aDOCUMENT 912 $a9910141804503321 996 $aIEEE Standard for Zinc-Coated Forged Anchor Shackles$92577681 997 $aUNINA LEADER 02936oas 2200937 a 450 001 9910136173003321 005 20251023213013.0 011 $a2688-5565 035 $a(OCoLC)60620266 035 $a(CONSER) 2007266022 035 $a(CKB)110978984445539 035 $a(EXLCZ)99110978984445539 100 $a20050614a19939999 uy a 101 0 $aeng 135 $aur||||||||||| 181 $ctxt$2rdacontent 182 $cc$2rdamedia 183 $acr$2rdacarrier 200 10$aMichigan journal of gender & law 210 $a[Ann Arbor, Mich.] $c[Published by student editors of the University of Michigan Law School] 300 $aRefereed/Peer-reviewed 311 08$a1095-8835 517 1 $aMich. J. Gender & L. 517 1 $aMichigan journal of gender and law 517 1 $aJournal of gender & law 606 $aSex and law$vPeriodicals 606 $aSex discrimination against women$xLaw and legislation$zUnited States$vPeriodicals 606 $aFeminism$zUnited States$vPeriodicals 606 $aWomen's rights$vPeriodicals 606 $aLaw reviews$zMichigan 606 $aFeminism$2fast$3(OCoLC)fst00922671 606 $aLaw reviews$2fast$3(OCoLC)fst00994120 606 $aSex and law$2fast$3(OCoLC)fst01114252 606 $aSex discrimination against women$xLaw and legislation$2fast$3(OCoLC)fst01114381 606 $aWomen's rights$2fast$3(OCoLC)fst01178818 606 $aSexualite? et droit$vPe?riodiques 606 $aFe?minisme$zE?tats-Unis$vPe?riodiques 606 $aFemmes$xDroits$vPe?riodiques 606 $aRevues de droit$zMichigan 607 $aMichigan$2fast$1https://id.oclc.org/worldcat/entity/E39PBJjHhdXqPcpRBtfF98RMyd 607 $aUnited States$2fast$1https://id.oclc.org/worldcat/entity/E39PBJtxgQXMWqmjMjjwXRHgrq 608 $aPeriodicals.$2fast 608 $aPeriodicals.$2lcgft 615 0$aSex and law 615 0$aSex discrimination against women$xLaw and legislation 615 0$aFeminism 615 0$aWomen's rights 615 0$aLaw reviews 615 7$aFeminism. 615 7$aLaw reviews. 615 7$aSex and law. 615 7$aSex discrimination against women$xLaw and legislation. 615 7$aWomen's rights. 615 6$aSexualite? et droit 615 6$aFe?minisme 615 6$aFemmes$xDroits 615 6$aRevues de droit 676 $a342.087 676 $a344 712 02$aUniversity of Michigan.$bLaw School. 801 0$bOCLCS 801 1$bOCLCS 801 2$bDOS 801 2$bOCLCQ 801 2$bOCLCF 801 2$bOCLCO 801 2$bOCLCQ 801 2$bOCLCO 801 2$bYOR 801 2$bDLC 801 2$bTXQ 801 2$bOCLCQ 801 2$bIOY 801 2$bOCLCL 801 2$bBRL 801 2$bUUM 801 2$bVLY 906 $aJOURNAL 912 $a9910136173003321 996 $aMichigan journal of gender & law$92097799 997 $aUNINA